header

A practical guide to error-control coding using MATLAB (Record no. 233548)

MARC details
000 -LEADER
fixed length control field 01389nam a2200313 a 4500
100 1# - MAIN ENTRY--AUTHOR NAME
Personal name Jiang, Yuan.
245 12 - TITLE STATEMENT
Title A practical guide to error-control coding using MATLAB
260 ## - PUBLICATION, DISTRIBUTION, ETC. (IMPRINT)
Place of publication Norwood, Mass. ;
-- London :
Name of publisher Artech House,
Year of publication 2010.
300 ## - PHYSICAL DESCRIPTION
Number of Pages x, 281 p. :
Other physical details ill.
505 0# - FORMATTED CONTENTS NOTE
Formatted contents note 1. Error control in digital communications and storage -- 2. Brief introduction to abstract algebra -- 3. Binary block codes -- 4. Reed-Solomon codes -- 5. Convolutional codes -- 6. Modern codes.
650 #0 - SUBJECT ADDED ENTRY--TOPICAL TERM
Topical Term Computer programming.
Topical Term Error-correcting codes (Information theory)
856 40 - ELECTRONIC LOCATION AND ACCESS
Uniform Resource Identifier http://site.ebrary.com/lib/rucke/Doc?id=10430892

No items available.

© 2026 Rongo University
Contact us: librarian | system librarian | Rongo university